Statistics for 78 Spanish D Words to English

Click here to take the quiz!

General Stats

  • This quiz has been taken 33 times
  • The average score is 8 of 78

Answer Stats

SpanishEnglish% Correct
la drogadrug
71%
Diversodiverse
57%
Disponibleavailable
36%
la décadadecade
36%
Distintodifferent
36%
el distritodistrict
21%
la diosagoddess
21%
Domesticarto tame
21%
el desvánattic
14%
Dorso de la manoback of the hand
14%
Descalzobarefoot
14%
el Dominiocontrol
14%
Diurnoday
14%
la deudadebt
14%
la disfrazdisguise
14%
Desechabledisposable
14%
el disparoshot
14%
Diminutotiny
14%
Desviarto divert
14%
el dentífricotoothpaste
14%
Diversiónamusement
7%
el desastrecalamity
7%
Daltónicocolorblind
7%
el dardodart
7%
la dentaduradenture
7%
Deputadodeputy
7%
la Docenadozen
7%
el Drenajedrainage
7%
el desmayofaint
7%
DañosoHarmful
7%
la durezaharshness
7%
la dignidadhonor
7%
el diquelevee
7%
Disparatenonsense
7%
el despachooffice
7%
Desembocaduraoutlet
7%
la devolución 1refund
7%
el Domicilioresidence
7%
la dimisiónresignation
7%
la devolución 2return
7%
Diestraright handed
7%
el destornilladorscrewdriver
7%
el drenajesewer system
7%
el discursospeech
7%
Divertirto amuse
7%
Disculparseto apologize
7%
Delatarto betray
7%
Disolverto break up
7%
Despejarto clear
7%
Desplegarto deploy
7%
Difundir 1to diffuse
7%
Digerirto digest
7%
Dilatar 2to dilate
7%
Diluirto dilute
7%
Disfrazarto disguise
7%
Disiparto dispel
7%
Degradarto downgrade
7%
Desalojarto evict
7%
Distribuirto hand out
7%
Disimularto hide
7%
Desearto long for
7%
Destaparto open
7%
Dominarto rule over
7%
Destrozarto shatter
7%
Deslizarto slip
7%
Demandarto sue
7%
Drogarseto take drugs
7%
Desenvolverto unwrap
7%
Disgustarto upset
7%
el desgastewear and tear
7%
Difundir 2to broadcast
0%
Dilatar 1to expand
0%
Distraerseto get distracted
0%
Destacarto highlight
0%
Disponerto order
0%
Divulgarto spread
0%
Desperdiciarto waste
0%
Desprevenidounprepared
0%

Score Distribution

Percentile by Number Answered

Percent of People with Each Score

Your Score History

You have not taken this quiz